000 00913na a2200301 4500
001 22855
003 MIRAKIL
005 20181213155254.0
008 170228b tu 000 0
040 _aMilas
_btur
_cTR-AnCHP
041 _atur
082 _aCHP 324.2372
_bB29 [2005]
090 _aCHP 324.2372 B29 [2005]
245 _aBaykal "CHP", CHP "Baykal", Baykal "Türkiye", Türkiye "CHP" dedi...
_c[hazırlayan] CHP
246 _aTürkiye "CHP" dedi...
246 _aBaykal "Türkiye" dedi...
246 _aCHP "Baykal" dedi...
246 _aBaykal "CHP" dedi...
246 _aCHP kurultayları
260 _aAnkara
_bCHP
_c[2005]
300 _a45 s.
_c30 sm.
490 _aCumhuriyet Halk Partisi yayınları
600 _aBaykal, Deniz
_xSiyaset ve yönetim
610 _aCHP
_xKurultaylar, 2005
_yTarih
740 _a2005 CHP kurultayı
830 _aCHP yayınları
942 _2ddc
_cBKS
999 _c9702
_d9702